Berserk Character Quiz - Statistics

General Stats
  • This quiz has been taken 377 times
  • The average score is 13 of 34
Answer Stats
Picture Answer % Correct
Guts
99%
Griffith
97%
Casca
95%
Pippin
77%
Nosferatu Zodd
72%
Skull Knight
69%
Judeau
62%
Rickert
59%
Void
57%
Princess Charlotte
56%
Gambino
52%
Corkus
49%
Slan
43%
Gaston
41%
Wyald
35%
Conrad
32%
Ubik
30%
King of Midland
28%
Queen of Midland
27%
Count Julius
26%
Adon
25%
Adonis
22%
Silat
19%
Bazuso
18%
Minister Foss
18%
Anna
15%
Boscogn
14%
Laban
11%
Owen
11%
Lord Gennon
10%
Samson
9%
Hassan
7%
Hail
3%
Elize
2%
No matching quizzes found
Score Distribution
Percent of People with Each Score
Percentile by Number Answered
Your Score History
You have not taken this quiz